000 00564nam a2200181 4500
001 11201
005 20230410115549.0
008 060907n2002 dr spa
020 _a9707221062
035 _9funglode11288
041 _aES
050 1 4 _aHF 1359 M385s 2002
100 _aMartínez Goméz, Francisco
245 1 3 _aLa globalización en la agricultura :
_blas negociaciones internacionales en torno al germplasma agrícola /
_cFrancisco Martínez Gómez
260 _aMéxico :
_bPlaza y Valdes,
_c2002
300 _a256 p.
942 _2lcc
_cbk
999 _c43671
_d43671